000
00260nam a22001217a 4500
082
_a
920
_b
APJ/W
100
_a
ABDUL KALAM,APJ
245
_a
WINGS OF FIRE
260
_a
INDIA
_b
UNIVERSITIES PRESS
300
_a
118
650
_a
AUTOBIOGRAPHY
_z
INDIA
942
_c
BK
999
_c
5566
_d
5566